Statistics for June 24th: Birthdays

Click here to take the quiz!

General Stats

  • This quiz has been taken 5 times
  • The average score is 2 of 7

Answer Stats

YearClueAnswer% Correct
1987Player for Argentina/FC BarcelonaLionel Messi
80%
1895World Heavyweight ChampionJack Dempsey
40%
1911Won World F1 ChampionshipJuan Fangio
40%
1979Actress in the OfficeMindy Kaling
40%
1850British Army GeneralHoratio Kitchener
20%
1947Artist of Go Your Own WayMick Fleetwood
20%
1842Wrote Devil's DiaryAmbrose Bierce
0%

Score Distribution

Percentile by Number Answered

Percent of People with Each Score

Your Score History

You have not taken this quiz